LEADER 02045nam a2200289 u 4500 001 000000010460 003 CaOOAMICUS 005 20070226105323.0 008 941013s1935 it f u000 u ita u 035 $a10259496 040 $aPUL$bita 245 00$aAfrica romana /$cscritti di A.G. Amatucci ... [et al.]. 260 $aMilano :$bU. Hoepli,$c1935. 300 $axi, 235 p., [16] tav. :$btav. ;$c25 cm 505 0 $aGrazioli, Francesco Saverio. Scipione l'Africano: p.[1]-26. - Ciaceri, Emanuele. La conquista romana dell'Africa: p. [27]-48. - Siciliani, Domenico. La guerra giugurtina: p. [49]-82. - Momigliano, Arnaldo. I regni indigeni dell'Africa romana : p. [83]-103. - Columba, Gaetano Mario. Settimio Severo e gli imperatori africani : p. [105]-122. - Romanelli, Pietro. La riconquista africana di Giustiniano: p. [123]-140. - Cochelli, Carlo. "Africa christiana": p.[141]-174. - Arnaldi, Francesco.Vita letteraria e letteratura pagana d'Africa: Apuleio: p. [175]-188. - Amatucci, Giuseppe Aurelio. Alcuni lineamenti della letteratura latina cristiana d'Africa: p. [189]-205. - Paribeni, Roberto. L'Egitto romano: p. [207]-218. - Romanelli, Pietro. La Cirenaica romana: p. [219]-234. - Guidi, Giacomo. I monumenti della Tripolitania romana: p. [235]-253. 650 0$aRomans$zAfrica.$2//eng$0(OLS)http://pul/subject/4157 651 4$aAfrica$xAntichità.$0(OLS)http://pul/subject/8305 651 0$aAfrica$xAntiquities, Roman.$2//eng$0(OLS)http://pul/subject/8306 700 1 $aAmatucci, Aurelio Giuseppe,$d1867-1960.$0(OLS)http://pul/name/8595 710 2 $aIstituto di studi romani.$0(OLS)http://pul/name/131 850 $aPUL 852 $aPUL$W1$xDP1 Fondo Cecchetti$y53$m269 F 7$j14871$nBK-PRI$b $qFondi$B14871$CPULBib$Z2$F14871 $HPUL2819 $81 910 $aIstituto nazionale di studi romani$9131 910 $aIstituto nazionale di studi romani$9131 941 1 $a1 996 $6245$aAfrica romana$9(OLS)http://pul/title/15281 996 $6260$aMilano :$bU. Hoepli$9(OLS)http://pul/publisher/48973 LEADER 01393nam a2200325 a 4500 001 000000143763 003 CaOOAMICUS 005 20150603134036.0 008 150603s2003 it u000 u ita r 020 $a88-8272-131-0 040 $aPUL$bita 082 04$a323 245 00$aIndividui senza volto :$bdiritti universali e ricerca dell'identità in una società multiculturale /$cSanti Corsi ... [et al.]. 260 $aSiena :$bCantagalli,$c©2003. 300 $a212 p. ;$c21 cm 490 1 $aStrumenti ;$v01 504 $aBibliografia in nota. 650 4$aDiritti umani.$0(OLS)http://pul/subject/3219 650 4$aMulticulturalismo.$0(OLS)http://pul/subject/23034 700 1 $aCorsi, Santi.$0(OLS)http://pul/name/92353 830 0$aStrumenti (Cantagalli) ;$v01.$0(OLS)http://pul/title/146177 850 $aPUL 852 $aPUL$W1$xSL Diritto e Scienze Sociali 3$y79$m323 CORSA 1$j165862$qDDC 21$B166243$CPULBib$Z2$F166243 $H125969 $82 941 1 $a9 960 $aDiritti dell'uomo$93219 996 $6020$a88-8272-131-0$9(OLS)http://pul/number/157725 996 $6082$a323$9(OLS)http://pul/classification/374 996 $6245$aIndividui senza volto :$bdiritti universali e ricerca dell'identità in una società multiculturale$9(OLS)http://pul/title/181878 996 $6260$aSiena :$bCantagalli$9(OLS)http://pul/publisher/48759